| 000 | 00369nam a22001457a 4500 | ||
|---|---|---|---|
| 003 | macl | ||
| 005 | 20200722122532.0 | ||
| 008 | 200722b xxu||||| |||| 00| 0 eng d | ||
| 040 | _cmacl | ||
| 100 |
_aSomani, Ram Vallabh _979137 |
||
| 245 | _aEra of prithviraj Chauhan | ||
| 260 |
_aJaipur _bPublication Sceme _c2019 |
||
| 650 |
_aBiography _979138 |
||
| 942 |
_2ddc _cBK |
||
| 999 |
_c62743 _d62743 |
||